000 00990nam0a22002651 4500
001 rc\295942
005 20250621023404.0
010 _a5-7855-0362-X
_91000
035 _a(NLR Aleph) 005526677
090 _a5565526
_c5565526
100 _a20030307d1990 |||y0rusy50 ca
101 0 _arus
102 _aRU
105 _ay |||||||||
200 1 _aБелорусско-русский художественный билингвизм: типология и история, языковые процессы
_fПод ред. П.П. Шубы
210 _aМинск
_cУниверситетское
_d1990
215 _a175 с.
_d20
225 1 _aРусский язык: теория, функционирование, преподавание
320 _aБиблиогр.: с. 173-174
700 1 _aГируцкий
_bА.А.
_f1948-
_gАнатолий Антонович
801 0 _aRU
_bNLR
_gpsbo
801 1 _aRU
_bELAR
_2rusmarc
852 _aNLR
_j90-3/7855
942 _cBOOK
980 _aNB